Statistics for From Largest to Smallest - Country Area #2

Click here to take the quiz!

General Stats

  • This quiz has been taken 68 times
  • The average score is 10 of 15

Answer Stats

Area (km2)Country% Correct
9,326,410China
100%
1,038,700Colombia
93%
995,450Egypt
91%
743,812Chile
75%
553,544Ukraine
75%
627,337Somalia
67%
498,980Yemen
67%
364,485Japan
65%
303,815Finland
64%
241,930United Kingdom
64%
27,398Albania
58%
42,388Estonia
58%
111,890Honduras
55%
82,445Austria
51%
197,100Uganda
51%

Score Distribution

Percentile by Number Answered

Percent of People with Each Score

Your Score History

You have not taken this quiz